Juntes arbitrals de consum
Descripción Física:
14 p. ; 21 cm
Colección:
Consum (Barcelona (Catalunya : Província). Diputació)
; 4
Materias:
Educació del consumidor
Idioma:
Catalán
MARC
| LEADER | 00000nam a2200000Ia 4500 | ||
|---|---|---|---|
| 001 | 12567 | ||
| 003 | Arxiu | ||
| 005 | 20260324175228.0 | ||
| 008 | 160829s1992 spc xx s cat c | ||
| 040 | |a AGDB | ||
| 041 | |a cat | ||
| 080 | |a FU-14-6 | ||
| 245 | 0 | 0 | |a Juntes arbitrals de consum |
| 260 | |a Barcelona : |b Diputació de Barcelona. Servei de Salut Pública i Consum, |c 1992 | ||
| 300 | |a 14 p. ; |c 21 cm | ||
| 490 | 1 | |a Consum ; |v 4 | |
| 650 | 0 | |a Educació del consumidor |9 26804 | |
| 710 | |a Barcelona (Catalunya : Província). |b Servei de Salut Pública i Consum |9 8151 |e entitat editora | ||
| 830 | 0 | |9 56020 |a Consum (Barcelona (Catalunya : Província). Diputació) |v 4 | |
| 901 | |a Arxiu | ||
| 942 | |n 1 |2 udc |c ARXIU | ||
| 952 | |0 0 |1 0 |4 0 |6 FU146 |7 1 |9 42052 |a Arxiu |b Arxiu |d 2016-12-01 |l 0 |o FU-14-6 |p 12567 |r 2016-12-01 00:00:00 |w 2016-12-01 |y ARXIU | ||
| 999 | |c 44499 |d 44499 | ||